| 000 | 00546nam a22001575i 4500 | ||
|---|---|---|---|
| 001 | 154852 | ||
| 003 | ES-MaACL | ||
| 005 | 20230906205858.0 | ||
| 008 | 040714s1872 fr |||| | fre d | ||
| 040 |
_aCAM _bspa _cCAM |
||
| 100 | 1 |
_aGuéroult, Georges. _960476 |
|
| 245 | 1 | 4 |
_aLes théories de l'internationale _b: étude critique / _cpar Georges Guéroult. |
| 260 |
_aParis : _bDidier et c\pe\s libráires-éditeurs, _c1872 ( _fImprimerie L. Toinon et c\pe\s) |
||
| 300 |
_aVIII, 256 p. ; _c18 cm. |
||
| 852 |
_aES-MaACL _jD-3049 _z-- Enc. hol. |
||
| 999 |
_c154852 _d154852 |
||